Red Hot Chili Peppers - Wet Sand Lyrics - Statistics

General Stats
  • This quiz has been taken 63 times
  • The average score is 243 of 340
Answer Stats
Answer % Correct
we
100%
do
98%
a
96%
for
96%
I
96%
the
96%
The
96%
Wet
96%
you
96%
You
96%
all
93%
don't
93%
in
93%
Sand
93%
My
91%
my
91%
form
89%
at
87%
but
84%
it
82%
so
82%
to
82%
go
78%
out
78%
what
78%
Yeah
76%
good
73%
I'm
73%
i'm
73%
shadow
73%
your
73%
and
71%
day
71%
of
71%
Oh
71%
side
71%
back
69%
better
69%
know
69%
that
69%
there
69%
up
69%
walk
69%
amplified
67%
car
67%
keeps
67%
not
67%
outside
67%
someone
67%
Someone
67%
why
67%
care?
64%
coming
64%
did
64%
it's
64%
let
64%
love
64%
time
64%
universe
64%
dissatisfied
62%
Elementary
62%
I'd
62%
like
62%
say
62%
start
62%
those
62%
with
62%
hair
60%
have
60%
saw
60%
shift
60%
thought
60%
unaware
60%
when
60%
will
60%
about
58%
best
58%
by
58%
doubt
58%
everywhere
58%
get
58%
hummingbirds
58%
innocent
58%
is
58%
lack
58%
me
58%
motivated
58%
really
58%
son
58%
You're
58%
brought
56%
father
56%
from
56%
God
56%
into
56%
little
56%
mother
56%
seen
56%
slide
56%
take
56%
affair
53%
daughter
53%
knows
53%
laughter
53%
sunny
53%
was
53%
Automatic
51%
baby
51%
tried
51%
collide
49%
compare
49%
Could
49%
has
49%
routine
49%
treating
49%
are
47%
Jean
47%
low
47%
Norma
47%
should
47%
died
44%
on
44%
pro
44%
think
44%
travesties
44%
devout
42%
disrepair
42%
show
42%
beauty
40%
betting
40%
close
40%
heart
40%
open
40%
toe
40%
coast
36%
going
36%
hurting
36%
share
36%
theory
36%
almost
33%
bride
33%
one
33%
more
31%
travelling
31%
consecrated
29%
dose
29%
verge
29%
just
27%
Right
27%
Balarama
24%
Benzedrine
24%
imperfect
16%
now
16%
No matching quizzes found
Score Distribution
Percent of People with Each Score
Percentile by Number Answered
Your Score History
You have not taken this quiz